Selección, preparación y exposición de caballos
Guardat en:
| Autors principals: | , |
|---|---|
| Format: | Llibre |
| Idioma: | espanyol |
| Publicat: |
Buenos Aires
Albatros
1971
|
| Matèries: | |
| Etiquetes: |
Afegir etiqueta
Sense etiquetes, Sigues el primer a etiquetar aquest registre!
|
MARC
| LEADER | 00000nam a2200000 a 4500 | ||
|---|---|---|---|
| 001 | UCS9003 | ||
| 003 | CL-VaPUC | ||
| 008 | 971113e19710000AG |||||||||||||||||spa|d | ||
| 082 | 0 | 4 | |a 636.1 |b NOR |2 21 |
| 100 | |a Nordby, Julius E. |e autor |9 395457 | ||
| 700 | 0 | |a Lattig, Herbert E |e author |9 393891 | |
| 245 | 1 | 0 | |a Selección, preparación y exposición de caballos |
| 300 | |a 155 p | ||
| 942 | |c BK | ||
| 945 | |d 19971113 00:00:00 |a jquezada | ||
| 260 | |a Buenos Aires |b Albatros |c 1971 | ||
| 650 | 7 | |a CABALLOS |2 CL-VaPUC |9 269057 | |
| 650 | 7 | |a SELECCION |2 CL-VaPUC |9 393892 | |
| 650 | 7 | |a CABALLO DE TIRO |2 CL-VaPUC |9 393893 | |
| 650 | 7 | |a CABALLO DE RODEO |2 CL-VaPUC |9 393894 | |
| 583 | |a last modification |c 20150112 03:16:56 |k Rodrigo Vera | ||
| 999 | |c 263082 |d 263080 | ||